000 00746nam a2200217 a 4500
001 BRL_1300
005 20190320211132.0
008 030114t1974----mx-aob####---#000-0#spa-#
041 _aspa
044 _amx
050 4 _aNK2808
_b.T37 1974
245 1 0 _aTapetes mexicanos
_banudados a mano
_cfotografías en blanco y negro, Enrique Bostelman ; textos en español, Porfirio Martínez Peñaloza ; traducción al inglés, Norma Glass.
260 _aMéxico
_bLitógrafos Unidos
_c1974
300 _a62 p.
_bil. a color, fotografías
_c28 cm.
500 _aAu1544
650 1 4 _aTapetes
_vCatálogos
_zMéxico
_926428
700 1 _aBostelman, Enrique
_eil.
_95583
700 1 _aMartínez Peñaloza, Porfirio
_91788
902 _aGRL
942 _2lcc
_cB
999 _c10112
_d10112